| 000 | 00000nam 2200000zi 4500 |
| 001 | 9.929362 |
| 003 | CaOODSP |
| 005 | 20250115084223 |
| 006 | m o d f |
| 007 | cr cn||||||||| |
| 008 | 231024t20232023onca o i f000 0 eng d |
| 020 | |a9780660684499 |
| 040 | |aCaOODSP|beng|erda|cCaOODSP |
| 043 | |an-cn-ab |
| 086 | 1 |aNR24-28/7-2023E-PDF |
| 245 | 00|aNational Building Code - 2023 Alberta edition / |cissued by the Canadian Commission on Building and Fire Codes. |
| 250 | |aEleventh edition. |
| 264 | 1|a[Ottawa] : |bNational Research Council of Canada, |c2023. |
| 264 | 4|c©2023 |
| 300 | |a1 online resource (1 volume (various pagings)) : |billustrations |
| 336 | |atext|btxt|2rdacontent |
| 337 | |acomputer|bc|2rdamedia |
| 338 | |aonline resource|bcr|2rdacarrier |
| 500 | |aIncludes indexes. |
| 505 | 0 |aVolume 1 -- volume 2. |
| 650 | 0|aBuildings|xStandards|zAlberta. |
| 650 | 0|aBuilding laws|zAlberta. |
| 650 | 6|aConstructions|xNormes|zAlberta. |
| 650 | 6|aConstruction|xDroit|zAlberta|vCodes. |
| 710 | 2 |aCanadian Commission on Building and Fire Codes, |eissuing body. |
| 776 | 0#|tNational Building Code, 2023.|w(CaOODSP)9.929363 |
| 856 | 40|qPDF|s22.69 MB|uhttps://publications.gc.ca/collections/collection_2024/cnrc-nrc/NR24-28-7-2023-eng.pdf |